MARC details
| 000 -LEADER |
| campo de control de longitud fija |
02500nam a2200541 i 4500 |
| 001 - NÚMERO DE CONTROL |
| campo de control |
MOR01000097087 |
| 003 - IDENTIFICADOR DE NÚMERO DE CONTROL |
| campo de control |
$$amxdfmo |
| 005 - FECHA Y HORA DE LA ÚLTIMA TRANSACCIÓN |
| campo de control |
20260331145958.0 |
| 008 - DATOS DE LONGITUD FIJA--INFORMACIÓN GENERAL |
| campo de control de longitud fija |
130529s2010 tmmabcogrbi 001 0 spa d |
| 020 ## - NÚMERO INTERNACIONAL ESTÁNDAR DEL LIBRO |
| Número Internacional Estándar del Libro |
9786077785101 |
| 035 ## - NÚMERO DE CONTROL DEL SISTEMA |
| Número de control de sistema |
131404 |
| 040 ## - FUENTE DE CATALOGACIÓN |
| Centro catalogador/agencia de origen |
mxcmmo |
| Lengua de catalogación |
spa |
| Centro/agencia transcriptor |
mxcmmo |
| Normas de descripción |
rda |
| 041 0# - CÓDIGO DE IDIOMA |
| Código de lengua del texto/banda sonora o título independiente |
spa |
| 043 ## - CÓDIGO DE ÁREA GEOGRÁFICA |
| Código de área geográfica |
n-mx-tm |
| 082 04 - NÚMERO DE LA CLASIFICACIÓN DECIMAL DEWEY |
| Número de clasificación |
972.12 |
| Número de ítem |
TAM.e |
| 245 00 - MENCIÓN DEL TÍTULO |
| Título |
Tamaulipas en el espejo de su historia/ |
| Mención de responsabilidad, etc. |
Jesús Hernández Jaimes [y otros] |
| 250 ## - MENCION DE EDICION |
| Mención de edición |
Primera edición |
| 264 #1 - PRODUCCIÓN, PUBLICACIÓN, DISTRIBUCIÓN, FABRICACIÓN Y COPYRIGHT |
| Producción, publicación, distribución, fabricación y copyright |
Ciudad Victoria, Tamaulipas: |
| Nombre del de productor, editor, distribuidor, fabricante |
Gobierno de Tamaulipas, Comisión Organizadora para la Conmemoración en Tamaulipas del Bicentenario de la Independencia y Centenario de la Revolución Mexicana, |
| Fecha de producción, publicación, distribución, fabricación o copyright |
2010 |
| 300 ## - DESCRIPCIÓN FÍSICA |
| Extensión |
2 volúmenes: |
| Otras características físicas |
ilustraciones, fotos, retratos, mapas; |
| Dimensiones |
33 cm |
| 336 ## - TIPO DE CONTENIDO |
| Término de tipo de contenido |
texto |
| Código de tipo de contenido |
txt |
| Fuente |
rdacontent |
| 337 ## - TIPO DE MEDIO |
| Nombre/término del tipo de medio |
sin medio |
| Código del tipo de medio |
n |
| Fuente |
rdamedia |
| 338 ## - TIPO DE SOPORTE |
| Nombre/término del tipo de soporte |
volumen |
| Código del tipo de soporte |
nc |
| Fuente |
rdacarrier |
| 500 ## - NOTA GENERAL |
| Nota general |
Edición conmemorativa Bicentenario 2010 |
| 505 0# - NOTA DE CONTENIDO CON FORMATO |
| Nota de contenido con formato |
Tomo 1. La Independencia.-- Tomo 2. La Revolución |
| 651 #7 - PUNTO DE ACCESO ADICIONAL DE MATERIA--NOMBRE GEOGRÁFICO |
| Nombre geográfico |
Tamaulipas |
| Subdivisión general |
Historia |
| -- |
Alocuciones, ensayos, conferencias |
| 9 (RLIN) |
164275 |
| 651 #7 - PUNTO DE ACCESO ADICIONAL DE MATERIA--NOMBRE GEOGRÁFICO |
| Nombre geográfico |
Tamaulipas |
| Subdivisión general |
Historia |
| -- |
Aniversarios, etc. |
| -- |
Alocuciones, ensayos, conferencias |
| 9 (RLIN) |
169452 |
| 651 #7 - PUNTO DE ACCESO ADICIONAL DE MATERIA--NOMBRE GEOGRÁFICO |
| Nombre geográfico |
Tamaulipas |
| Subdivisión general |
Historia |
| Subdivisión cronológica |
1810-1821 |
| Subdivisión general |
Alocuciones, ensayos, conferencias |
| 9 (RLIN) |
169453 |
| 651 #7 - PUNTO DE ACCESO ADICIONAL DE MATERIA--NOMBRE GEOGRÁFICO |
| Nombre geográfico |
Tamaulipas |
| Subdivisión general |
Historia |
| Subdivisión cronológica |
1910-1917 |
| Subdivisión general |
Alocuciones, ensayos, conferencias |
| 9 (RLIN) |
169454 |
| 651 #7 - PUNTO DE ACCESO ADICIONAL DE MATERIA--NOMBRE GEOGRÁFICO |
| Nombre geográfico |
Tamaulipas |
| Subdivisión general |
Historia |
| Subdivisión cronológica |
1913-1920 |
| Subdivisión general |
Alocuciones, ensayos, conferencias |
| 9 (RLIN) |
169455 |
| 651 #7 - PUNTO DE ACCESO ADICIONAL DE MATERIA--NOMBRE GEOGRÁFICO |
| Nombre geográfico |
Tamaulipas |
| Subdivisión general |
Historia |
| Subdivisión cronológica |
1920-1924 |
| Subdivisión general |
Alocuciones, ensayos, conferencias |
| 9 (RLIN) |
169456 |
| 651 #7 - PUNTO DE ACCESO ADICIONAL DE MATERIA--NOMBRE GEOGRÁFICO |
| Nombre geográfico |
Tamaulipas |
| Subdivisión general |
Historia |
| Subdivisión cronológica |
1929-1930 |
| Subdivisión general |
Alocuciones, ensayos, conferencias |
| 9 (RLIN) |
169457 |
| 700 1# - ENTRADA AGREGADA--NOMBRE PERSONAL |
| Nombre de persona |
Hernández Jaimes, Jesús |
| Término indicativo de función/relación |
autor |
| 9 (RLIN) |
108062 |
| 710 2# - ENTRADA AGREGADA--NOMBRE DE ENTIDAD CORPORATIVA |
| Nombre de entidad corporativa o nombre de jurisdicción como elemento de entrada |
Comisión Organizadora para la Conmemoración en Tamaulipas del Bicentenario de la Independencia y Centenario de la Revolución Mexicana |
| 9 (RLIN) |
154376 |
| 900 ## - ELEMENTOS DE DATOS A LOCAL, LDA (RLIN) |
| Nombre de persona |
DIAQUE |
| Numeración |
30 |
| Títulos y otros términos asociados al nombre |
20130704 |
| Lenguaje de la obra |
MOR01 |
| -- |
1223 |
| 900 ## - ELEMENTOS DE DATOS A LOCAL, LDA (RLIN) |
| Nombre de persona |
DIAQUE |
| Numeración |
30 |
| Títulos y otros términos asociados al nombre |
20130704 |
| Lenguaje de la obra |
MOR01 |
| -- |
1223 |
| 900 ## - ELEMENTOS DE DATOS A LOCAL, LDA (RLIN) |
| Nombre de persona |
DIAQUE |
| Numeración |
30 |
| Títulos y otros términos asociados al nombre |
20130704 |
| Lenguaje de la obra |
MOR01 |
| -- |
1236 |
| 900 ## - ELEMENTOS DE DATOS A LOCAL, LDA (RLIN) |
| Nombre de persona |
DIAQUE |
| Numeración |
30 |
| Títulos y otros términos asociados al nombre |
20130704 |
| Lenguaje de la obra |
MOR01 |
| -- |
1237 |
| 900 ## - ELEMENTOS DE DATOS A LOCAL, LDA (RLIN) |
| Nombre de persona |
KLAS |
| Numeración |
30 |
| Títulos y otros términos asociados al nombre |
20130705 |
| Lenguaje de la obra |
MOR01 |
| -- |
1217 |
| 900 ## - ELEMENTOS DE DATOS A LOCAL, LDA (RLIN) |
| Nombre de persona |
KLAS |
| Numeración |
30 |
| Títulos y otros términos asociados al nombre |
20130705 |
| Lenguaje de la obra |
MOR01 |
| -- |
1252 |
| 900 ## - ELEMENTOS DE DATOS A LOCAL, LDA (RLIN) |
| Nombre de persona |
KLAS |
| Numeración |
30 |
| Títulos y otros términos asociados al nombre |
20130705 |
| Lenguaje de la obra |
MOR01 |
| -- |
1252 |
| 900 ## - ELEMENTOS DE DATOS A LOCAL, LDA (RLIN) |
| Nombre de persona |
KLAS |
| Numeración |
30 |
| Títulos y otros términos asociados al nombre |
20130705 |
| Lenguaje de la obra |
MOR01 |
| -- |
1253 |
| 900 ## - ELEMENTOS DE DATOS A LOCAL, LDA (RLIN) |
| Nombre de persona |
LUIS |
| Numeración |
02 |
| Títulos y otros términos asociados al nombre |
20130529 |
| Lenguaje de la obra |
MOR01 |
| -- |
1316 |
| 900 ## - ELEMENTOS DE DATOS A LOCAL, LDA (RLIN) |
| Nombre de persona |
LUIS |
| Numeración |
02 |
| Títulos y otros términos asociados al nombre |
20130529 |
| Lenguaje de la obra |
MOR01 |
| -- |
1316 |
| 900 ## - ELEMENTOS DE DATOS A LOCAL, LDA (RLIN) |
| Nombre de persona |
MARC21 |
| Numeración |
40 |
| Títulos y otros términos asociados al nombre |
20221201 |
| Lenguaje de la obra |
MOR01 |
| -- |
1612 |
| 900 ## - ELEMENTOS DE DATOS A LOCAL, LDA (RLIN) |
| Nombre de persona |
VOBO |
| Numeración |
40 |
| Títulos y otros términos asociados al nombre |
20130709 |
| Lenguaje de la obra |
MOR01 |
| -- |
1152 |
| 904 ## - ELEMENTOS DE DATOS D LOCAL, LDD (RLIN) |
| a |
UPDATE |
| 942 ## - ELEMENTOS DE ENTRADA SECUNDARIOS (KOHA) |
| Código de la institución [OBSOLETO] |
BK |
| 901 ## - ELEMENTOS DE DATOS A LOCAL LDA (RLIN) |
| a |
batch batch |